000 00403cam a2200169ua 4500
041 _aeng
_h
082 _a828.09
_bDOB/RU
100 _aDobree, Bonamy.
245 _aRudyard Kipling /
_cBonamy Dobree.
_hTextual Documents
250 _a1 /
_b.
260 _aLondon :
_bLongman Green and Co ,
_c1965.
300 _a56 ; .
504 _a
942 _cBK
999 _c6998
_d6998